00576nab a2200169 uc450000100070000000500170000700800410002403500110006503500210007604000130009704100080011010000290011824500690014765000350021665000270025177301280027866113520240201162451.0010430nuuuuuuuu spa  a661135 a(OCoLC)819906575 ccomduadb aspa10aDuque, Horacio4auteaut13aLa ruta de la descentralizacion: hacia la democracia territorial aDescentralización - Colombia aDemocracia territorial0 tEconomía Colombiana y Coyuntura Política (Bogotá)gNo. 269, Ene. 1998, Suplemento, p. 16-19w133114x0120-4998071163